| 000 | 00525nam a22002177a 4500 | ||
|---|---|---|---|
| 005 | 20250207183115.0 | ||
| 008 | 220322b1997 xxu||||| |||| 00| 0 spa d | ||
| 020 | _a9962806062 | ||
| 041 |
_aING _aESP |
||
| 082 | _aR 423 D545d5 | ||
| 245 | _aDiccionarios inglés - español - español- inglés | ||
| 250 | _a5 edición | ||
| 260 | _aPanamá | ||
| 260 | _bEditorial Géminis | ||
| 260 | _c1997 | ||
| 300 | _a419 páginas | ||
| 650 | _aDICCIONARIOS | ||
| 650 | _aINGLÉS | ||
| 650 | _aESPAÑOL | ||
| 942 |
_cREF _2ddc |
||
| 999 |
_c13276 _d13276 |
||